• 首页
  • 本馆介绍
  • 公告通知
  • 最新文献
  • 馆藏检索
  • 电子资源
  • 读者导购
  • 参考咨询
  • 我的图书馆
  • 登录
  • 详细信息显示
  • 放入我的书架
  • 预约/预借图书
  • 作者相关作品
  • 分类相关作品
  • 丛书相关作品
  • 出版社相关作品

书目信息

  • 表格格式
  • 工作单格式
  • 卡片格式
题名:
运动竞赛规则的本质特征、演变机制与发展趋势
    
 
作者: 刘淑英 著
分册:  
出版信息: 北京   北京体育大学出版社  2010
页数: 150页
开本: 24cm
丛书名: 中国体育博士文丛
单 册:
中图分类: G808.22
科图分类:
主题词: 运动竞赛--竞赛规则--研究 , 运动竞赛 , 竞赛规则
电子资源:
ISBN: 978-7-5644-0411-6
000 00951oam2 2200277 45
001 1130720999
005 20110310093419.67
010    @a978-7-5644-0411-6@dCNY33.00
100    @a20110123d2010 kemy0chiy50 ea
101 0  @achi@deng
102    @aCN@b110000
105    @aa z 000yy
106    @ar
200 1  @a运动竞赛规则的本质特征、演变机制与发展趋势@AYun Dong Jing Sai Gui Ze De Ben Zhi Te Zheng、 Yan Bian Ji Zhi Yu Fa Zhan Qu Shi@f刘淑英著@FLiu Shu Ying Zhu
210    @a北京@c北京体育大学出版社@d2010
215    @a150页@c照片@d24cm
225 2  @a中国体育博士文丛
330    @a本文结合运动竞赛实践,对运动竞赛规则的价值、本质特征、演变机制和发展趋势进行了系统的理论研究。
461  0 @12001 @a中国体育博士文丛
606 0  @a运动竞赛@x竞赛规则@x研究
606 0  @a运动竞赛
606 0  @a竞赛规则
690    @aG808.22@v4
701  0 @a刘淑英@ALiu Shu Ying@4著
801  0 @aCN@bTANGWEI@c20110310
905    @b0531684-87@dG808.22@e460@f4
    
    运动竞赛规则的本质特征、演变机制与发展趋势/刘淑英著.-北京:北京体育大学出版社,2010
    150页:照片;24cm.-(中国体育博士文丛)
    
    
    ISBN 978-7-5644-0411-6:CNY33.00
    本文结合运动竞赛实践,对运动竞赛规则的价值、本质特征、演变机制和发展趋势进行了系统的理论研究。
●
相关链接 在E读中查询图书 在五车中查询图书 在当当中查询图书 在豆瓣中查询图书


正题名:运动竞赛规则的本质特征、演变机制与发展趋势     索取号:G808.22/460         预约/预借

序号 登录号 条形码 馆藏地/架位号 状态 备注
1 0531684   205316843   第一样本阅览室/ [索取号:G808.22/460] 在馆    
2 0531685   205316852   第四借阅区/ [索取号:G808.22/460] 在馆    
3 0531686   205316861   第四借阅区/ [索取号:G808.22/460] 在馆    
4 0531687   205316870   密集书库-体育系/ [索取号:G808.22/460] 在馆    
唐山师范学院图书馆 欢迎您!
大连网信软件有限公司© 版权所有